| 000 | 00820nam a2200265 a 4500 | ||
|---|---|---|---|
| 001 | 000047277 | ||
| 003 | DO-SdBNP | ||
| 005 | 20250227073855.0 | ||
| 007 | ta | ||
| 008 | 180426s2017 dr r 000 0 spa d | ||
| 020 | _a9789945600896 | ||
| 040 |
_aDO-SdBNP _bspa _cBNPHU |
||
| 082 | 4 |
_aRD863.44 _bA347c _222 |
|
| 100 | 1 |
_aAlcántara Almánzar, José _d1946- _97018 |
|
| 245 | 1 | 0 |
_aCuentos para jóvenes / _cJosé Alcántara Almánzar. |
| 260 |
_aSanto Domingo : _bSantuario, _c2017. |
||
| 300 |
_a76 p. ; _c23 cm. |
||
| 500 | _aIncluye datos biográficos del autor en la solapa de la cubierta | ||
| 590 | _aInventariado, 2020/BT | ||
| 650 | 4 |
_aCuentos infantiles _9440 |
|
| 650 | 4 |
_aCuentos juveniles _979020 |
|
| 650 | 4 | _aLiteratura dominicana | |
| 910 | _aValidado. Control de calidad MFF | ||
| 942 |
_2ddc _cLBS1 |
||
| 999 |
_c46765 _d46765 |
||